000 00481nam a2200181Ia 4500
003 OSt
005 20260106115219.0
008 210210b1957 xxu||||| |||| 00| 0 eng d
040 _cAL
041 _aKannada
082 _a859/1532
100 _aRAMAMURTI (M)
_9155825
_dರಾಮಮೂರ್ತಿ (ಎಂ).
245 _aHradaya milana:
_bಹೃದಯ ಮಿಲನ
260 _aBengaluru
_b-
_c1957
690 _aKannada Fiction
_9155826
906 _a022261
942 _2ddc
_cBK
999 _c146404
_d146404